Where Does the Apostrophe Go? Quiz Stats

 Plays Quiz Updated Nov 5, 2016

Support Sporcle.
Go Orange.
Score 0/13 Timer 04:00
0 Plays Today
% Correct
'
90.1%
'
88%
'
85.6%
'
85.4%
'
85.3%
'
81.1%
'
80.4%
'
79.2%
'
77.6%
'
75.7%
'
63.4%
'
56.4%
'
31.7%

You're not logged in!

Compare scores with friends on all Sporcle quizzes.
OR
Log In

From the Vault

One Letter Out: Movies

by Flick

Thankfully Poop Dreams isn't a real movie.
Remove Ads.
Support Sporcle.
Get the best of Sporcle when you Go Orange. This ad-free experience offers more features, more stats, and more fun while also helping to support Sporcle. Thank you for becoming a member.

Show Comments

Extras

Top Quizzes Today


Score Distribution

Your Account Isn't Verified!

In order to create a playlist on Sporcle, you need to verify the email address you used during registration. Go to your Sporcle Settings to finish the process.

Report this User

Report this user for behavior that violates our Community Guidelines.

Details: